000 00316 a2200133 4500
001 151022
040 _cEscola São Tomás de Aquino
100 _aMACHADO, Ana Maria
240 1 0 _aJoão Bobo
_lpor
245 1 0 _aJoão Bobo
362 0 _a1996
697 _aContos de Fadas e Clássicos da Literatura
942 _cBK
999 _c151022
_d151022